Sentencing and Society : (Record no. 619809)

MARC details
000 -LEADER
fixed length control field 00485nam a2200181 a 4500
008 - FIXED-LENGTH DATA ELEMENTS--GENERAL INFORMATION
fixed length control field 260424s2002##################000#0#eng##
020 ## - INTERNATIONAL STANDARD BOOK NUMBER
ISBN 9780754621836
082 04 - DEWEY DECIMAL CLASSIFICATION NUMBER
Classification number 345.0772
Item number TAT
100 1# - MAIN ENTRY--AUTHOR NAME
Personal name Tata, Cyrus,
245 10 - TITLE STATEMENT
Title Sentencing and Society :
260 ## - PUBLICATION, DISTRIBUTION, ETC. (IMPRINT)
Name of publisher Routledge,
Year of publication 2002.
650 #0 - SUBJECT ADDED ENTRY--TOPICAL TERM
Topical Term Criminal justice, Administration of.
942 ## - ADDED ENTRY ELEMENTS (KOHA)
Koha item type English Books
Holdings
Withdrawn status Lost status Damaged status Not for loan Home library Current library Date acquired Full call number Accession Number Price effective from Koha item type
        Anna Centenary Library Anna Centenary Library 24.04.2026 345.0772 TAT 377717 24.04.2026 English Books

Find us on the map